<?xml version="1.0" encoding="UTF-8"?>
<record
    xmlns:xsi="http://www.w3.org/2001/XMLSchema-instance"
    xsi:schemaLocation="http://www.loc.gov/MARC21/slim http://www.loc.gov/standards/marcxml/schema/MARC21slim.xsd"
    xmlns="http://www.loc.gov/MARC21/slim">

  <leader>00938cam a22002772  4500</leader>
  <controlfield tag="001">0000020814</controlfield>
  <controlfield tag="003">OSt</controlfield>
  <controlfield tag="005">20160609163602.0</controlfield>
  <controlfield tag="008">111018s         xx           000 0 eng d</controlfield>
  <datafield tag="020" ind1=" " ind2=" ">
    <subfield code="a">0198735724 :</subfield>
    <subfield code="c">KES 7550</subfield>
  </datafield>
  <datafield tag="040" ind1=" " ind2=" ">
    <subfield code="a">KABU</subfield>
    <subfield code="c">KABU</subfield>
  </datafield>
  <datafield tag="050" ind1=" " ind2=" ">
    <subfield code="a">KD979</subfield>
    <subfield code="b">.A23 2015 c. 1</subfield>
  </datafield>
  <datafield tag="100" ind1="1" ind2=" ">
    <subfield code="a">Abbey, Robert M.</subfield>
  </datafield>
  <datafield tag="245" ind1="1" ind2="2">
    <subfield code="a">A Practical approach to conveyancing /</subfield>
    <subfield code="c">Robert M. Abbey, Mark B. Richards.</subfield>
  </datafield>
  <datafield tag="250" ind1=" " ind2=" ">
    <subfield code="a">17th ed.</subfield>
  </datafield>
  <datafield tag="260" ind1=" " ind2=" ">
    <subfield code="a">Oxford :</subfield>
    <subfield code="b">O. U. P.,</subfield>
    <subfield code="c">2015.</subfield>
  </datafield>
  <datafield tag="300" ind1=" " ind2=" ">
    <subfield code="a">xxxiv, 516  p.</subfield>
  </datafield>
  <datafield tag="650" ind1=" " ind2="0">
    <subfield code="a">Conveyancing</subfield>
    <subfield code="z">Great Britain.</subfield>
  </datafield>
  <datafield tag="650" ind1=" " ind2="0">
    <subfield code="a">Land titles</subfield>
    <subfield code="x">Registrations and transfer</subfield>
    <subfield code="z">Great Britain.</subfield>
  </datafield>
  <datafield tag="700" ind1="1" ind2=" ">
    <subfield code="a">Richards, Mark B.</subfield>
  </datafield>
  <datafield tag="908" ind1=" " ind2=" ">
    <subfield code="a">111018</subfield>
  </datafield>
  <datafield tag="942" ind1=" " ind2=" ">
    <subfield code="2">lcc</subfield>
    <subfield code="c">BK</subfield>
    <subfield code="e">17th ed.</subfield>
    <subfield code="h">KD979</subfield>
    <subfield code="i">.A23 2015 c. 1</subfield>
  </datafield>
  <datafield tag="999" ind1=" " ind2=" ">
    <subfield code="c">15990</subfield>
    <subfield code="d">15990</subfield>
  </datafield>
  <datafield tag="952" ind1=" " ind2=" ">
    <subfield code="0">0</subfield>
    <subfield code="1">0</subfield>
    <subfield code="2">lcc</subfield>
    <subfield code="7">0</subfield>
    <subfield code="a">KABU</subfield>
    <subfield code="b">KABU</subfield>
    <subfield code="c">GEN</subfield>
    <subfield code="d">2016-06-09</subfield>
    <subfield code="g">7550.00</subfield>
    <subfield code="l">5</subfield>
    <subfield code="o">KD979 .A23 2015 c. 1</subfield>
    <subfield code="p">019929</subfield>
    <subfield code="r">2026-04-15 20:21:06</subfield>
    <subfield code="s">2026-04-07</subfield>
    <subfield code="t">c. 1</subfield>
    <subfield code="w">2016-06-09</subfield>
    <subfield code="y">BK</subfield>
  </datafield>
  <datafield tag="952" ind1=" " ind2=" ">
    <subfield code="0">0</subfield>
    <subfield code="1">0</subfield>
    <subfield code="2">lcc</subfield>
    <subfield code="7">0</subfield>
    <subfield code="a">KABU</subfield>
    <subfield code="b">KABU</subfield>
    <subfield code="c">GEN</subfield>
    <subfield code="d">2016-06-09</subfield>
    <subfield code="g">7550.00</subfield>
    <subfield code="l">1</subfield>
    <subfield code="o">KD979 .A23 2015 c. 2</subfield>
    <subfield code="p">019933</subfield>
    <subfield code="r">2017-06-22 00:00:00</subfield>
    <subfield code="s">2017-06-06</subfield>
    <subfield code="t">c. 2</subfield>
    <subfield code="w">2016-06-09</subfield>
    <subfield code="y">BK</subfield>
  </datafield>
  <datafield tag="952" ind1=" " ind2=" ">
    <subfield code="0">0</subfield>
    <subfield code="1">0</subfield>
    <subfield code="2">lcc</subfield>
    <subfield code="7">0</subfield>
    <subfield code="a">KABU</subfield>
    <subfield code="b">KABU</subfield>
    <subfield code="c">GEN</subfield>
    <subfield code="d">2016-06-09</subfield>
    <subfield code="g">7550.00</subfield>
    <subfield code="l">4</subfield>
    <subfield code="m">1</subfield>
    <subfield code="o">KD979 .A23 2015 c. 3</subfield>
    <subfield code="p">019924</subfield>
    <subfield code="r">2018-10-29 00:00:00</subfield>
    <subfield code="s">2018-10-11</subfield>
    <subfield code="t">c. 3</subfield>
    <subfield code="w">2016-06-09</subfield>
    <subfield code="y">BK</subfield>
  </datafield>
  <datafield tag="952" ind1=" " ind2=" ">
    <subfield code="0">0</subfield>
    <subfield code="1">0</subfield>
    <subfield code="2">lcc</subfield>
    <subfield code="7">0</subfield>
    <subfield code="a">KABU</subfield>
    <subfield code="b">KABU</subfield>
    <subfield code="c">GEN</subfield>
    <subfield code="d">2016-06-09</subfield>
    <subfield code="g">7550.00</subfield>
    <subfield code="l">0</subfield>
    <subfield code="o">KD979 .A23 2015 c. 4</subfield>
    <subfield code="p">019934</subfield>
    <subfield code="r">2016-06-09 00:00:00</subfield>
    <subfield code="t">c. 4</subfield>
    <subfield code="w">2016-06-09</subfield>
    <subfield code="y">BK</subfield>
  </datafield>
  <datafield tag="952" ind1=" " ind2=" ">
    <subfield code="0">0</subfield>
    <subfield code="1">0</subfield>
    <subfield code="2">lcc</subfield>
    <subfield code="7">0</subfield>
    <subfield code="a">KABU</subfield>
    <subfield code="b">KABU</subfield>
    <subfield code="c">GEN</subfield>
    <subfield code="d">2016-06-09</subfield>
    <subfield code="g">7550.00</subfield>
    <subfield code="l">3</subfield>
    <subfield code="o">KD979 .A23 2015 c. 5</subfield>
    <subfield code="p">019931</subfield>
    <subfield code="r">2017-06-12 00:00:00</subfield>
    <subfield code="s">2017-06-06</subfield>
    <subfield code="t">c. 5</subfield>
    <subfield code="w">2016-06-09</subfield>
    <subfield code="y">BK</subfield>
  </datafield>
  <datafield tag="952" ind1=" " ind2=" ">
    <subfield code="0">0</subfield>
    <subfield code="1">0</subfield>
    <subfield code="2">lcc</subfield>
    <subfield code="7">0</subfield>
    <subfield code="a">KABU</subfield>
    <subfield code="b">KABU</subfield>
    <subfield code="c">GEN</subfield>
    <subfield code="d">2016-06-09</subfield>
    <subfield code="g">7550.00</subfield>
    <subfield code="l">0</subfield>
    <subfield code="o">KD979 .A23 2015 c. 6</subfield>
    <subfield code="p">019932</subfield>
    <subfield code="r">2016-06-09 00:00:00</subfield>
    <subfield code="t">c. 6</subfield>
    <subfield code="w">2016-06-09</subfield>
    <subfield code="y">BK</subfield>
  </datafield>
  <datafield tag="952" ind1=" " ind2=" ">
    <subfield code="0">0</subfield>
    <subfield code="1">0</subfield>
    <subfield code="2">lcc</subfield>
    <subfield code="7">0</subfield>
    <subfield code="a">KABU</subfield>
    <subfield code="b">KABU</subfield>
    <subfield code="c">GEN</subfield>
    <subfield code="d">2016-06-09</subfield>
    <subfield code="g">7550.00</subfield>
    <subfield code="l">1</subfield>
    <subfield code="o">KD979 .A23 2015 c. 7</subfield>
    <subfield code="p">019927</subfield>
    <subfield code="r">2017-06-19 00:00:00</subfield>
    <subfield code="s">2017-06-02</subfield>
    <subfield code="t">c. 7</subfield>
    <subfield code="w">2016-06-09</subfield>
    <subfield code="y">BK</subfield>
  </datafield>
  <datafield tag="952" ind1=" " ind2=" ">
    <subfield code="0">0</subfield>
    <subfield code="1">0</subfield>
    <subfield code="2">lcc</subfield>
    <subfield code="7">0</subfield>
    <subfield code="a">KABU</subfield>
    <subfield code="b">KABU</subfield>
    <subfield code="c">GEN</subfield>
    <subfield code="d">2016-06-09</subfield>
    <subfield code="g">7550.00</subfield>
    <subfield code="l">0</subfield>
    <subfield code="o">KD979 .A23 2015 c. 8</subfield>
    <subfield code="p">019928</subfield>
    <subfield code="r">2016-06-09 00:00:00</subfield>
    <subfield code="t">c. 8</subfield>
    <subfield code="w">2016-06-09</subfield>
    <subfield code="y">BK</subfield>
  </datafield>
  <datafield tag="952" ind1=" " ind2=" ">
    <subfield code="0">0</subfield>
    <subfield code="1">0</subfield>
    <subfield code="2">lcc</subfield>
    <subfield code="7">0</subfield>
    <subfield code="a">KABU</subfield>
    <subfield code="b">KABU</subfield>
    <subfield code="c">GEN</subfield>
    <subfield code="d">2016-06-09</subfield>
    <subfield code="g">7550.00</subfield>
    <subfield code="l">0</subfield>
    <subfield code="o">KD979 .A23 2015 c. 9</subfield>
    <subfield code="p">019935</subfield>
    <subfield code="r">2016-06-09 00:00:00</subfield>
    <subfield code="t">c. 9</subfield>
    <subfield code="w">2016-06-09</subfield>
    <subfield code="y">BK</subfield>
  </datafield>
  <datafield tag="952" ind1=" " ind2=" ">
    <subfield code="0">0</subfield>
    <subfield code="1">0</subfield>
    <subfield code="2">lcc</subfield>
    <subfield code="7">0</subfield>
    <subfield code="a">KABU</subfield>
    <subfield code="b">KABU</subfield>
    <subfield code="c">GEN</subfield>
    <subfield code="d">2016-06-09</subfield>
    <subfield code="g">7550.00</subfield>
    <subfield code="l">3</subfield>
    <subfield code="m">2</subfield>
    <subfield code="o">KD979 .A23 2015 c. 10</subfield>
    <subfield code="p">019930</subfield>
    <subfield code="r">2023-02-21 00:00:00</subfield>
    <subfield code="s">2023-01-09</subfield>
    <subfield code="t">c. 10</subfield>
    <subfield code="w">2016-06-09</subfield>
    <subfield code="y">BK</subfield>
  </datafield>
  <datafield tag="952" ind1=" " ind2=" ">
    <subfield code="0">0</subfield>
    <subfield code="1">0</subfield>
    <subfield code="2">lcc</subfield>
    <subfield code="7">0</subfield>
    <subfield code="a">KABU</subfield>
    <subfield code="b">KABU</subfield>
    <subfield code="c">GEN</subfield>
    <subfield code="d">2016-06-09</subfield>
    <subfield code="g">7550.00</subfield>
    <subfield code="l">1</subfield>
    <subfield code="o">KD979 .A23 2015 c. 11</subfield>
    <subfield code="p">019926</subfield>
    <subfield code="r">2024-02-02 09:02:29</subfield>
    <subfield code="s">2024-01-22</subfield>
    <subfield code="t">c. 11</subfield>
    <subfield code="w">2016-06-09</subfield>
    <subfield code="y">BK</subfield>
  </datafield>
  <datafield tag="952" ind1=" " ind2=" ">
    <subfield code="0">0</subfield>
    <subfield code="1">0</subfield>
    <subfield code="2">lcc</subfield>
    <subfield code="7">0</subfield>
    <subfield code="a">KABU</subfield>
    <subfield code="b">KABU</subfield>
    <subfield code="c">GEN</subfield>
    <subfield code="d">2016-06-09</subfield>
    <subfield code="g">7550.00</subfield>
    <subfield code="l">1</subfield>
    <subfield code="o">KD979 .A23 2015 c. 12</subfield>
    <subfield code="p">019936</subfield>
    <subfield code="r">2018-12-07 00:00:00</subfield>
    <subfield code="s">2018-11-29</subfield>
    <subfield code="t">c. 12</subfield>
    <subfield code="w">2016-06-09</subfield>
    <subfield code="y">BK</subfield>
  </datafield>
  <datafield tag="952" ind1=" " ind2=" ">
    <subfield code="0">0</subfield>
    <subfield code="1">0</subfield>
    <subfield code="2">lcc</subfield>
    <subfield code="7">0</subfield>
    <subfield code="a">KABU</subfield>
    <subfield code="b">KABU</subfield>
    <subfield code="c">GEN</subfield>
    <subfield code="d">2016-06-09</subfield>
    <subfield code="g">7550.00</subfield>
    <subfield code="l">0</subfield>
    <subfield code="o">KD979 .A23 2015 c. 13</subfield>
    <subfield code="p">019925</subfield>
    <subfield code="r">2016-06-09 00:00:00</subfield>
    <subfield code="t">c. 13</subfield>
    <subfield code="w">2016-06-09</subfield>
    <subfield code="y">BK</subfield>
  </datafield>
  <datafield tag="952" ind1=" " ind2=" ">
    <subfield code="0">0</subfield>
    <subfield code="1">0</subfield>
    <subfield code="2">lcc</subfield>
    <subfield code="7">0</subfield>
    <subfield code="a">KABU</subfield>
    <subfield code="b">KABU</subfield>
    <subfield code="c">GEN</subfield>
    <subfield code="d">2016-06-09</subfield>
    <subfield code="g">7550.00</subfield>
    <subfield code="l">4</subfield>
    <subfield code="o">KD979 .A23 2015 c. 14</subfield>
    <subfield code="p">019923</subfield>
    <subfield code="r">2021-09-30 00:00:00</subfield>
    <subfield code="s">2021-09-18</subfield>
    <subfield code="t">c. 14</subfield>
    <subfield code="w">2016-06-09</subfield>
    <subfield code="y">BK</subfield>
  </datafield>
</record>
